| Tag |
First Indicator |
Second Indicator |
Subfields |
| LEADER |
00000cam a2200000 4500 |
| 001 |
in00000060655 |
| 005 |
20151008050535.0 |
| 008 |
730201s1955 nyu 00000 eng u |
| 010 |
|
|
|a 55006789
|
| 035 |
|
|
|a (OCoLC)00550701
|
| 035 |
|
|
|9 AAG1679AM
|
| 040 |
|
|
|c CSU
|d OCL
|d TXA
|d UtOrBLW
|
| 049 |
|
|
|a TXAM
|c [253917]
|
| 050 |
|
0 |
|a HM271
|b .T7
|
| 082 |
0 |
|
|a 323.44
|
| 092 |
|
|
|a 323.44
|b T866d
|
| 100 |
1 |
|
|a Trueblood, Elton,
|d 1900-1994.
|
| 245 |
1 |
0 |
|a Declaration of freedom.
|
| 250 |
|
|
|a [1st ed.].
|
| 264 |
|
1 |
|a New York :
|b Harper,
|c [1955]
|
| 300 |
|
|
|a 124p. ;
|c 20cm.
|
| 336 |
|
|
|a text
|b txt
|2 rdacontent
|
| 337 |
|
|
|a unmediated
|b n
|2 rdamedia
|
| 338 |
|
|
|a volume
|b nc
|2 rdacarrier
|
| 500 |
|
|
|a "Originally delivered as the Colver lectures at Brown Univesity in 1954."
|
| 650 |
|
0 |
|a Liberty.
|
| 650 |
|
0 |
|a Civil rights.
|
| 999 |
|
|
|a MARS
|
| 999 |
f |
f |
|s b61ad4a7-66e1-33b4-9dc9-63f28123655f
|i ffa949eb-a7ba-37e6-a817-e358b6356a99
|t 0
|
| 952 |
f |
f |
|p ric
|a Texas A&M University
|b Rellis Campus
|c Joint Library Facility
|d Remote Storage
|t 0
|e HM271 .T7
|h Library of Congress classification
|i unmediated -- volume
|m A14800666926
|
| 998 |
f |
f |
|a HM271 .T7
|t 0
|l Remote Storage
|